Manuscrits hispaniques de bibliothèques dispersées / (Record no. 64810)

MARC details
000 -LEADER
campo de control de longitud fija 00714nam a2200193 i 4500
001 - NÚMERO DE CONTROL
campo de control 64810
003 - IDENTIFICADOR DE NÚMERO DE CONTROL
campo de control ES-MaACL
005 - FECHA Y HORA DE LA ÚLTIMA TRANSACCIÓN
campo de control 20251015063102.0
007 - CAMPO FIJO DE DESCRIPCIÓN FÍSICA--INFORMACIÓN GENERAL
campo de control de longitud fija t|
008 - DATOS DE LONGITUD FIJA--INFORMACIÓN GENERAL
campo de control de longitud fija 040105s1913 fr ||||1| fre d
100 1# - ENTRADA PRINCIPAL--NOMBRE DE PERSONA
Nombre de persona Foulché-Delbosc, Raymond,
Fechas asociadas al nombre 1864-1929
9 (RLIN) 51941
245 10 - MENCIÓN DEL TÍTULO
Título Manuscrits hispaniques de bibliothèques dispersées /
Mención de responsabilidad, etc. par R. Foulché-Delbosc 1re Série...
260 ## - PUBLICACIÓN, DISTRIBUCIÓN, ETC.
Lugar de publicación, distribución, etc. París :
Nombre del editor, distribuidor, etc. Libr. Anc. Honoré Champion,
Fecha de publicación, distribución, etc. 1913.
300 ## - DESCRIPCIÓN FÍSICA
Extensión 70 p. ;
Dimensiones 25 cm.
500 ## - NOTA GENERAL
Nota general Extrait de la "Revue des Bibliotheques", nos. 10-12 Octobre-Décembre 1912 et 1-3 Janvier-Mars 1913.
650 #4 - PUNTO DE ACCESO ADICIONAL DE MATERIA--TÉRMINO DE MATERIA
Término de materia o nombre geográfico como elemento de entrada Bibliotecas privadas-
Subdivisión de forma Catálogos.
9 (RLIN) 163545
852 ## - LOCALIZACIÓN
Ubicación ES-MaACL
Número de control de estantería T-1346-F-12
Holdings
Estatus retirado Estado de pérdida Estado de daño No para préstamo Colección Biblioteca de origen Biblioteca actual Ubicación en estantería Fecha de adquisición Fuente de adquisición Total de préstamos Signatura topográfica completa Código de barras Visto por última vez Precio de reemplazo Tipo de ítem Koha
        Colección de folletos Biblioteca del Ateneo de Madrid Biblioteca del Ateneo de Madrid Depósito folletos 17/01/2008     T-1346-F-12 1067906 23/02/2023 23/02/2023 Folleto